000 00362 a2200157 4500
001 59546
020 _a
040 _cAnchieta - Pituba
100 _aTorres, Alexandre Pinheiro
240 1 0 _aAntologia da poesia brasileira
_lpor
245 1 0 _aAntologia da poesia brasileira
300 _a1183
362 0 _a1984
650 4 _aPoesia brasileira
942 _cBK
999 _c59546
_d59546